[Event "2nd IMSA Basque 2017-Women"]
[Site "Huaian"]
[Date "2017.12.14"]
[Round "2"]
[White "Stefanova, Antoaneta"]
[Black "Ju, Wenjun"]
[Result "1/2-1/2"]
[WhiteElo "2500"]
[BlackElo "2567"]
[Annotator "TA"]
[PlyCount "90"]
[EventDate "2017.??.??"]
[EventType "tourn"]
[EventCountry "CHN"]
[SourceTitle "playchess.com"]
[Source "ChessBase"]
[SourceQuality "1"]

{[%evp 24,90,18,16,33,41,40,25,18,25,33,16,33,22,27,19,39,22,9,-38,-38,-38,-38,-38,-45,-37,-44,-141,0,0,0,0,0,0,224,224,224,224,224,217,217,217,217,0,0,0,0,0,691,662,587,0,0,0,0,0,0,0,0,0,0,0,0,0,0,0,0,0,0]} 1. Nf3 Nf6 2. b3 g6 3. Bb2 Bg7 4. g3 O-O 5. Bg2 d5 6. c4 c6 7. O-O Bg4 8. d3 Nbd7 9. Nbd2 Re8 10. h3 Bxf3 {A11: English Opening: 1...c6} 11. Nxf3 e5 12. cxd5 cxd5 13. Rc1 {LiveBook: 14 Games} Rc8 14. Rxc8 Qxc8 15. Qa1 {[%cal Rf3e5] [#]} d4 $146 ({Predecessor:} 15... Qb8 16. e3 Bf8 17. Rc1 Bd6 18. Rc2 {½-½ (32) Pantsulaia,L (2581)-Safarli,E (2620) Tbilisi 2012}) 16. Rc1 Qb8 17. Nd2 Nb6 18. Ne4 Nfd5 19. a4 Bh6 20. Rc5 Bf8 $1 21. a5 Bxc5 22. Nxc5 Qc7 $1 {[%cal Rc7c5]} 23. axb6 Qxc5 24. Qa4 $1 {[%cal Ra4e8]} (24. bxa7 $2 Ra8 $19) 24... Nf6 $1 25. Qxa7 (25. f4 $1 $15 axb6 26. fxe5 Rxe5 27. Bxd4 Qc1+ 28. Kh2) 25... Qc2 ({Better is} 25... Nd5 $1 $17 26. Ba3 Qxb6 27. Qxb6 Nxb6 28. Bxb7 Rd8) 26. Ba3 $1 $11 Qxe2 {aiming for ...e4.} 27. Qxb7 {Black must now prevent Bc6.} e4 ({Wrong is} 27... Qxd3 $2 28. Bc6 $18) 28. Qc6 $1 {[%cal Rc6f6]} exd3 $2 (28... Kg7 $1 $11 {and Black has nothing to worry.} 29. Bb4 e3 30. fxe3 Qxe3+ 31. Kh2 Ng4+ 32. hxg4 Qh6+ 33. Kg1 Qe3+ 34. Kh2 Qh6+ 35. Kg1 Qe3+ 36. Kh2) 29. Qxf6 $18 {Intending Bd5 and mate.} d2 30. Bd5 {[%csl Gf6][%cal Rd5f7]} d1=Q+ 31. Kh2 {[%csl Gf6][%cal Rd5f7]} Qxf2+ ({Worse is} 31... Re6 32. Bxe6 Qh1+ 33. Kxh1 Qe4+ 34. Kh2 Qxe6 35. Qd8+ Qe8 36. Qxe8+ Kg7 37. Bf8+ Kf6 38. f4 g5 39. Qe5+ Kg6 40. Qxg5#) ({Stronger than} 31... h5 32. Bxf7+ Kh7 33. Qxg6+ Kh8 34. Qh6#) 32. Qxf2 Re2 {[#]} 33. Qxe2 $2 (33. Qg2 $1 $18 {[%mdl 512]} Rxg2+ 34. Bxg2 Qxb3 35. b7 Qxa3 36. b8=Q+ Qf8 37. Qb6) 33... Qxe2+ $11 34. Bg2 $1 Qe5 {Hoping for ...g5.} 35. b7 {And now Bc1 would win.} d3 $2 {[%mdl 8192] [#]} (35... f6 $11 36. Bd5+ Kg7) 36. Bc1 $1 $18 g5 {[#]} 37. Be3 $2 (37. Bxg5 $1 $18 {[%mdl 512]} Qxg5 38. b8=Q+ Kg7 39. Qf4) 37... Qxe3 $11 {The position is equal.} 38. b8=Q+ Kg7 39. Qd8 d2 40. b4 Qe2 (40... h5 $5 41. Qd5 $8 Qe2 42. Qxg5+ Kh7 43. Qf5+ Kg7 44. Qg5+ Kh7 45. Qf5+ Kg7 46. Qg5+ $11) 41. Qxg5+ Kf8 42. Qd8+ Kg7 43. Qg5+ Kf8 44. Qd8+ Kg7 45. Qg5+ Kf8 {Precision: White = 64%, Black = 59%.} 1/2-1/2

[Event "2nd IMSA Basque 2017-Women"]
[Site "Huaian"]
[Date "2017.12.14"]
[Round "2"]
[White "Zhao, Xue"]
[Black "Muzychuk, Anna"]
[Result "0-1"]
[WhiteElo "2477"]
[BlackElo "2582"]
[Annotator "TA"]
[PlyCount "114"]
[EventDate "2017.??.??"]
[EventType "tourn"]
[EventCountry "CHN"]
[SourceTitle "playchess.com"]
[Source "ChessBase"]
[SourceQuality "1"]

{[%evp 15,114,8,13,-27,-34,-84,-87,-83,41,19,10,-75,-82,-82,-75,-81,-70,-68,-83,-83,-35,-219,-197,-216,-227,-223,-225,-224,-195,-207,-206,-210,-214,-210,-202,-178,-170,-250,-198,-213,-220,-274,-260,-256,-205,-333,-224,-415,-408,-1253,-1216,-1239,-1129,-6399,-6337,-12819,-7259,-12843,-12843,-12844,-12844,-12845,-12845,-12849,-12848,-29989,-29990,-29995,-29995,-29997,-29990,-29990,-29991,-29992,-12850,-29944,-29991,-29944,-29992,-29993,-29994,-29994,-29995,-29995,-29995,-29995,-29995,-29996,-29995,-29995,-29996,-29996,-29996,-29996,-29996,-29996,-29997,-29997,-29998,-29998,-29999]} 1. c4 Nf6 2. Nf3 g6 3. b3 Bg7 4. Bb2 O-O 5. g3 d6 6. d4 e5 7. dxe5 {E60: King's Indian: Unusual lines and Fianchetto Variation without Nc3} dxe5 (7... Nfd7 8. Bg2 Nxe5 9. Qd2 Nbc6 10. O-O Bg4 11. Nxe5 Nxe5 12. Bd4 Qc8 13. f4 Nc6 14. Bxg7 Kxg7 15. Nc3 Ne7 16. e4 {½-½ (78) Nakamura,H (2793)-Caruana,F (2787) Saint Louis 2015}) 8. Qxd8 Rxd8 {LiveBook: 4 Games} 9. Bg2 {The position is equal.} Nc6 10. Nc3 e4 $1 {[%cal Re4f3]} 11. Nd2 $146 {[#]} ({Predecessor:} 11. Ng5 Bf5 12. Rd1 h6 13. Nh3 Rxd1+ 14. Nxd1 Rd8 {0-1 (57) Chan,K (2185)-Benidze,D (2512) Tbilisi 2017}) 11... Nb4 ({Black should try} 11... e3 $1 $17 {[%cal Re3d2][%mdl 512]} 12. fxe3 Nb4) 12. O-O-O $14 {[#]} e3 $1 {[%mdl 512]} 13. fxe3 (13. Nde4 $1 $11 {remains equal.} Bf5 14. Nxf6+ Bxf6 15. fxe3) 13... Ng4 $17 14. Nde4 Bf5 $36 {[%mdl 2048] Keeping White busy.} 15. a3 Nxe3 16. Rxd8+ Rxd8 17. Bf3 Bxe4 18. Bxe4 $2 {[#]} (18. Nxe4 $15 Nbc2 19. Nf6+ Kh8 20. Nd5) 18... Bxc3 $1 $19 19. Bxc3 Na2+ 20. Kb2 Nxc3 21. Kxc3 {[%mdl 4096] Endgame KRB-KRN} Nd1+ 22. Kc2 Nf2 23. Bxb7 Nxh1 24. Bxh1 {KR-KB} Kg7 25. b4 Kf6 26. Bf3 (26. c5 $142) 26... h5 27. b5 Ke5 28. Kc3 Rd1 29. a4 Rb1 30. a5 (30. c5 $142) 30... Kd6 31. Bd5 $2 {[#]} (31. Be4 Rc1+ 32. Kd4) 31... Rxb5 $1 {[%mdl 512]} 32. cxb5 (32. Bxf7 $142 Rxa5 33. Bxg6) 32... Kxd5 {KP-KP} 33. Kb4 {[#]} g5 $1 34. Kb3 Kc5 35. Ka4 f5 36. h3 g4 37. hxg4 fxg4 38. e4 {[#]} h4 $1 {[%mdl 512]} 39. gxh4 g3 {( -> ...Kc4)} 40. h5 g2 41. h6 g1=Q 42. h7 Qd4+ 43. Kb3 Kxb5 44. Kc2 Qxe4+ (44... Kc4 $142 45. h8=Q Qxh8 46. Kd2 Qh2+ 47. Ke3 Qg3+ 48. Ke2 Kd4 49. Kd1 Qg2 50. Kc1 Kc3 51. e5 Qh1#) 45. Kd2 Qxh7 {Black mates.} 46. Ke3 Kxa5 47. Kd4 Qf5 48. Ke3 Qg4 49. Kd3 Qf4 50. Kc3 Qe4 51. Kd2 Qf3 52. Kc2 Qe3 53. Kb2 Qd3 54. Ka2 Qc3 55. Kb1 Qd2 56. Ka1 Kb4 57. Kb1 Kb3 {Precision: White = 28%, Black = 75%.} 0-1

[Event "2nd IMSA Basque 2017-Women"]
[Site "Huaian"]
[Date "2017.12.14"]
[Round "2"]
[White "Paehtz, Elisabeth"]
[Black "Lagno, Kateryna"]
[Result "0-1"]
[WhiteElo "2464"]
[BlackElo "2547"]
[Annotator "TA"]
[PlyCount "164"]
[EventDate "2017.??.??"]
[EventType "tourn"]
[EventCountry "CHN"]
[SourceTitle "playchess.com"]
[Source "ChessBase"]
[SourceQuality "1"]

{[%evp 9,164,-2,0,-12,36,40,66,28,23,23,29,21,25,26,55,54,52,54,65,52,69,59,64,68,71,65,94,21,16,0,0,0,6,0,0,-6,0,-7,-6,-18,-18,-21,-18,-20,0,0,0,-9,0,0,0,-7,0,0,0,-17,-1,-10,-11,-56,-16,-51,0,0,0,0,0,-25,0,0,0,-128,-112,-105,-116,-261,-228,-154,-137,-142,-135,-165,0,-104,-113,-142,-110,-151,-131,-183,-174,-338,-252,-258,-274,-258,-264,-289,-284,-248,-108,-146,-43,-191,-121,-305,-285,-271,-278,-278,-278,-338,-225,-278,-278,-278,-278,-271,-264,-338,-359,-340,-253,-256,0,-287,-286,-1299,-1286,-1543,-1610,-1256,-1278,-29951,-29959,-29968,-29972,-29972,-29973,-29973,-29974,-29973,-29975,-29975,-29976,-29976,-29977,-29978,-29979,-29978,-29976,-29979,-29978,-29974,-29966,-29984,-29985]} 1. e4 e5 2. Nf3 Nc6 3. Nc3 Nf6 4. Be2 Bd6 5. d4 exd4 6. Nxd4 {C47: Scotch Four Knights and Four Knights with 4 g3} Be5 7. Be3 $146 ({Predecessor:} 7. Nxc6 bxc6 8. O-O O-O 9. Bg5 h6 10. Bh4 Bxc3 11. bxc3 g5 12. Bg3 Nxe4 {½-½ (35) Mammadov,Z (2422)-Sargissian,G (2666) Sharjah 2017}) 7... d6 8. O-O {White is slightly better.} O-O 9. f4 Bxd4 10. Bxd4 Nxd4 11. Qxd4 Be6 12. Rad1 Qe7 13. Bf3 Rfd8 14. h3 a6 15. a4 h6 16. Rfe1 Rab8 17. a5 c5 18. Qa4 (18. Qd3 $16) 18... Qc7 $11 19. b3 Bd7 $36 {[%mdl 2048] Black is more active.} 20. Qa1 Bc6 21. Kh1 Re8 22. Nd5 Bxd5 23. exd5 h5 24. Qc3 Qd7 25. Qd3 Rxe1+ (25... h4 {looks sharper.} 26. c4 Kf8 27. Kh2 Rxe1 28. Rxe1 Qc7) 26. Rxe1 Re8 27. Rxe8+ Qxe8 28. Qd2 g6 29. Kh2 Qe7 30. b4 cxb4 31. Qxb4 h4 32. Qc3 Kg7 33. Kg1 Qe8 34. Kf2 Qa4 35. Qd2 Qc4 {[#]} (35... Kf8 $15) 36. f5 $1 {[%mdl 512]} Nd7 (36... gxf5 37. Qg5+) 37. fxg6 fxg6 38. Qg5 Qxc2+ 39. Kg1 Nf6 40. Qxh4 {[#]} (40. Qe3 $11 {remains equal.} Qc7 41. Kh2) 40... Qc5+ $1 $17 41. Kh2 Qxa5 42. Qg5 (42. Qc4 $17) 42... Qe1 43. Qf4 Qe7 44. Qb4 Qe5+ 45. Kh1 Qe7 $2 ({Weaker is} 45... Nxd5 46. Qxb7+ Ne7 47. Qxa6 $11) (45... b5 $19 46. Qa5 Nh5 47. Bxh5 gxh5 48. Qxa6 Qxd5 49. Qa7+ Kf6) 46. Qb6 (46. Kh2 $1 $11) 46... Kh6 47. Qb4 Qc7 48. Qf4+ Kg7 49. h4 (49. Qe3 $17) 49... Qe7 50. Qg5 $2 (50. g3) 50... b5 51. Qd2 Nd7 52. Qd4+ Ne5 53. Be2 Qf6 54. g3 g5 (54... Nf7 $19 {and Black stays clearly on top.} 55. Qd2 Qf2 56. Qc3+ Kh6 57. Qc1+ g5) 55. Qa7+ Kh6 ({Black should try} 55... Qf7 $17 56. Qd4 a5 57. hxg5 b4) 56. Qe3 (56. hxg5+ $1 $15 Kxg5 57. Qe3+ Kg6 58. Qb6) 56... Kg6 (56... b4 $19 57. Kg1 a5) 57. Bd3+ $2 (57. hxg5 $17 {might work better.} Qxg5 58. Qa3) 57... Nxd3 58. Qxd3+ $19 {[%mdl 4096] Endgame KQ-KQ} Kg7 59. hxg5 Qxg5 60. Qc3+ Qf6 61. Qa3 Qf1+ 62. Kh2 Qe2+ 63. Kg1 Qd1+ 64. Kh2 Qh5+ ({Don't take} 64... Qxd5 65. Kh3 $19) 65. Kg1 Qe5 66. Kh2 Qh5+ 67. Kg1 Qxd5 {Threatens to win with ...Qc5+.} 68. Qxa6 $2 (68. Kh2) 68... b4 69. Qa1+ Qe5 70. Qa7+ Kg6 {( -> ...Qc5+)} 71. Qd7 Qxg3+ {Black mates.} 72. Kh1 Qh4+ 73. Kg1 Qg5+ 74. Kh1 Qd5+ 75. Kg1 b3 76. Qe8+ Kf5 77. Qh5+ Ke4 78. Qe2+ Kd4 79. Qd2+ Kc4 80. Qe2+ Qd3 81. Qe6+ Kb4 82. Qg4+ Ka3 {Precision: White = 35%, Black = 60%.} 0-1

[Event "2nd IMSA Basque 2017-Women"]
[Site "Huaian"]
[Date "2017.12.14"]
[Round "2"]
[White "Ushenina, Anna"]
[Black "Harika, Dronavalli"]
[Result "1/2-1/2"]
[WhiteElo "2416"]
[BlackElo "2504"]
[Annotator "TA"]
[PlyCount "129"]
[EventDate "2017.??.??"]
[EventType "tourn"]
[EventCountry "CHN"]
[SourceTitle "playchess.com"]
[Source "ChessBase"]
[SourceQuality "1"]

{[%evp 24,129,20,17,14,29,62,54,102,-91,-31,-39,-40,-57,52,16,78,57,62,48,50,51,92,57,117,118,119,118,117,104,108,104,122,104,112,104,118,107,103,86,93,98,122,122,122,105,122,122,122,122,122,122,122,122,122,122,122,122,174,115,115,115,178,131,141,122,128,115,115,73,115,0,115,115,116,94,94,94,94,94,117,62,91,50,50,44,44,44,53,47,57,54,54,53,58,58,60,53,53,0,77,0,68,0,68,0,60,0]} 1. d4 d6 2. Nf3 Nf6 3. g3 g6 4. Bg2 Bg7 5. O-O O-O 6. c4 Nbd7 7. Nc3 e5 8. e4 exd4 9. Nxd4 Nc5 10. h3 Re8 11. Re1 Bd7 12. b4 Ne6 {E68: King's Indian: Fianchetto: 6...Nbd7 7 0-0 e5 8 e4} 13. Be3 {LiveBook: 8 Games} (13. Nb3 a5 14. bxa5 Bc6 15. Rb1 h5 16. h4 Nd7 17. Nd5 Nec5 18. Bg5 Qb8 19. Nxc5 Nxc5 20. Ne7+ Rxe7 21. Bxe7 {½-½ (74) Vila Gazquez,X (2465)-Comas Fabrego,L (2484) Barcelona 2017}) 13... Qc8 14. Nde2 h6 $146 {White has an edge.} ({Predecessor:} 14... a5 15. a3 Nf8 16. g4 axb4 17. axb4 Rxa1 18. Qxa1 Nxe4 19. Nxe4 Bxa1 20. Rxa1 Rxe4 21. Bxe4 {0-1 (40) Arnett,D (2355)-Black,R (2200) Bermuda 1996}) 15. f4 a5 16. a3 $2 {[#]} (16. b5 $1 $16 {is forced if you want to stay better.}) 16... axb4 (16... Nf8 $1 $17 17. e5 N6h7) 17. axb4 $15 Rxa1 18. Qxa1 c6 (18... Nd8 $15) 19. Qd1 Qc7 (19... c5 $11) 20. Bf2 h5 21. Qd2 Bc8 22. Rd1 Bf8 23. Qd3 Nh7 ({Black should try} 23... Qe7 $14) 24. f5 $36 {[%mdl 2048] White is on the roll.} Ng7 {[#]} 25. g4 $1 hxg4 26. hxg4 Qe7 27. Qg3 Qe5 28. Qxe5 dxe5 29. c5 Be7 30. Nc1 Rd8 31. Rxd8+ Bxd8 32. Nd3 f6 33. Nb2 ({But not} 33. fxg6 $6 Ng5 $11) 33... Nf8 34. Bf1 Kf7 35. Nc4 {Hoping for Nd6+.} Ne8 36. Be3 g5 37. Be2 Bc7 38. Bd1 Ke7 39. Kf2 Nd7 40. Ke2 Bb8 (40... Nb8 $16 {is a better defense.} 41. Na4 Bd7) 41. Kd2 (41. b5 $18) 41... Kd8 42. Bb3 Ke7 (42... Nc7 $16 {was worth a try.} 43. Ne2 Ba7) 43. Kc2 Bc7 44. Na4 Kd8 45. Nd2 Ke7 46. Nf1 Nb8 47. Nd2 ({White should play} 47. Nb6 $16 Bxb6 48. cxb6) 47... Bd7 (47... Nd7 $1 $11) 48. Nc4 Na6 49. Kc3 Bd8 50. Na3 Nec7 51. Nb6 Nb8 52. Nxd7 (52. Nbc4 $16) 52... Nxd7 53. Bc4 Nb8 54. Kb3 Kd7 55. Be2 Be7 56. Nc4 Nba6 57. Nb6+ Kd8 58. Ka4 Bf8 59. Ka5 Be7 60. Na4 Kc8 61. Nb6+ Kd8 $1 62. Ka4 Bf8 $1 63. Ka5 Be7 $1 64. Na4 Kc8 $1 65. Nb6+ {Precision: White = 48%, Black = 55%.} (65. Bd2 $14) 1/2-1/2

[Event "2nd IMSA Basque 2017-Women"]
[Site "Huaian"]
[Date "2017.12.14"]
[Round "3"]
[White "Muzychuk, Anna"]
[Black "Lagno, Kateryna"]
[Result "0-1"]
[WhiteElo "2582"]
[BlackElo "2547"]
[Annotator "TA"]
[PlyCount "110"]
[EventDate "2017.??.??"]
[EventType "tourn"]
[EventCountry "CHN"]
[SourceTitle "playchess.com"]
[Source "ChessBase"]
[SourceQuality "1"]

{[%evp 18,110,4,13,14,1,14,6,0,0,0,0,42,31,60,31,110,72,231,223,206,220,231,225,226,239,232,234,245,164,179,170,170,175,181,176,174,180,210,177,245,245,245,243,245,242,309,218,204,156,166,156,150,151,157,143,181,176,172,119,129,136,101,93,93,-72,-72,-291,-267,-368,-358,-505,-508,-759,-629,-883,-456,-938,-341,-1262,-962,-29966,-29969,-29969,-29970,-29968,-29971,-29973,-29975,-29974,-29974,-29973,-29973,-29971,-29972]} 1. e4 c5 2. Nf3 d6 3. Bb5+ Nd7 4. O-O a6 5. Bd3 Ngf6 6. c3 {B51: Sicilian: Moscow Variation (3 Bb5+) without 3...Bd7} b5 7. Bc2 Bb7 8. Re1 c4 9. a4 e6 10. d4 {LiveBook: 12 Games} cxd3 11. Qxd3 Nc5 12. Qe2 bxa4 13. Be3 $146 {[#] Bxc5 is the strong threat.} Nfxe4 14. Nbd2 {next Nxe4 is good for White.} Nxd2 15. Nxd2 {Threatens to win with Bxc5.} d5 16. Qh5 Qd7 (16... g6 $14 17. Qh3 Bd6) 17. Nf3 $36 {[%mdl 2048] Keeping Black busy.} O-O-O $2 (17... g6 $16 {was called for.} 18. Qh3 O-O-O) 18. Ne5 $18 Qc7 19. Qxf7 ({Don't do} 19. Nxf7 $6 g6 $16) 19... Nd7 20. Nxd7 Qxd7 21. Qxd7+ Rxd7 22. Bxa4 Re7 23. Bg5 Rf7 24. Rxe6 {[#] Hoping for Re8+.} Bc5 25. Be3 Bxe3 26. Rxe3 Rhf8 27. f3 Kc7 28. Rae1 Bc8 (28... Bc6 $142) 29. Be8 Rf6 30. Re7+ Kd8 31. Ba4 R8f7 32. Rxf7 Rxf7 {[%mdl 4096] Endgame KRB-KRB} 33. Rd1 Bb7 34. Rd4 Kc7 35. Bc2 h6 36. Kf2 Kd6 37. h4 Bc6 38. b4 (38. Rg4 $18) 38... a5 $16 39. bxa5 Ra7 40. Rg4 Rxa5 41. Rxg7 $2 (41. Ke3 $16 {and life is bright.}) 41... Ra2 $17 42. Rg6+ $2 (42. Ke3 $17 Rxc2 43. Kd4) 42... Kc5 $19 43. Rxh6 Rxc2+ {KRB-KR} 44. Kg3 (44. Ke1 {was the only defense.} Rxg2 45. h5) 44... Rxc3 45. h5 d4 {[%cal Bd5d4,Bd4d3,Bd3d2][%mdl 32]} 46. Re6 d3 47. Re1 (47. h6 $142 Rc1 48. Re5+ Kb4 49. Rh5) 47... Ba4 $2 (47... Kd4 48. h6 Bd5) 48. h6 $2 (48. Re5+ Kb4 49. Re4+ Kb3 50. Rd4) 48... d2 49. Rd1 Bxd1 {Black mates.} 50. h7 Bb3 51. h8=Q Rd3 52. Qf8+ Kc4 53. Qc8+ Kb4 54. Qb8+ Ka3 55. Qf8+ Ka2 {Precision: White = 31%, Black = 54%.} 0-1

[Event "2nd IMSA Basque 2017-Women"]
[Site "Huaian"]
[Date "2017.12.14"]
[Round "3"]
[White "Ju, Wenjun"]
[Black "Kosteniuk, Alexandra"]
[Result "1/2-1/2"]
[WhiteElo "2567"]
[BlackElo "2557"]
[Annotator "TA"]
[PlyCount "61"]
[EventDate "2017.??.??"]
[EventType "tourn"]
[EventCountry "CHN"]
[SourceTitle "playchess.com"]
[Source "ChessBase"]
[SourceQuality "1"]

{[%evp 21,61,0,1,-7,44,47,40,39,43,34,28,27,35,29,44,26,62,55,51,53,48,45,78,40,40,35,46,26,37,25,36,26,40,12,16,0,40,0,4,0,36,0]} 1. Nf3 Nf6 2. g3 b6 3. Bg2 Bb7 4. O-O e6 5. c4 Be7 6. Nc3 O-O 7. Re1 d5 8. cxd5 exd5 9. d4 c5 10. Bf4 Na6 11. Ne5 Ne4 {LiveBook: 14 Games. E17: Queen's Indian: 4 g3 Bb7 5 Bg2 Be7} 12. dxc5 {[#] Black must now prevent Nxe4.} Bxc5 $146 (12... Nxc3 $11 13. bxc3 Nxc5) ({Predecessor:} 12... Nxc3 13. bxc3 Nxc5 14. Rc1 Re8 15. c4 dxc4 16. Bxb7 Nxb7 17. Rxc4 Bc5 18. Nd3 Na5 19. Rc2 {0-1 (57) Ernst,S (2589)-Tomashevsky,E (2688) Novi Sad 2009}) 13. Nxe4 $14 dxe4 14. Nd7 Re8 15. Nxc5 Nxc5 16. Be3 Qe7 17. Rc1 Rac8 18. Qd2 Qe6 19. b3 Nd7 20. Red1 Nf6 21. Bd4 Nd5 22. Qb2 (22. Rxc8 {with more complications.} Bxc8 23. Bb2 e3 24. Bxd5 exd2 25. Bxe6 Bxe6 26. Rxd2 Bf5 27. f3) 22... f6 23. Rxc8 Rxc8 24. Rc1 Rd8 25. h3 Qe7 26. a3 Nc7 27. Be3 Nd5 28. Bd4 Nc7 29. Be3 Nd5 30. Bd4 Nc7 31. Be3 {Precision: White = 46%, Black = 60%.} 1/2-1/2

[Event "2nd IMSA Basque 2017-Women"]
[Site "Huaian"]
[Date "2017.12.14"]
[Round "3"]
[White "Kosteniuk, Alexandra"]
[Black "Ju, Wenjun"]
[Result "1/2-1/2"]
[WhiteElo "2557"]
[BlackElo "2567"]
[Annotator "TA"]
[PlyCount "136"]
[EventDate "2017.??.??"]
[EventType "tourn"]
[EventCountry "CHN"]
[SourceTitle "playchess.com"]
[Source "ChessBase"]
[SourceQuality "1"]

{[%evp 16,136,-22,-29,0,0,0,0,0,-45,22,32,28,32,29,35,49,49,36,47,41,1,0,0,0,-5,25,0,0,-25,0,-91,10,17,0,5,29,17,46,52,50,11,11,-12,11,0,0,0,11,11,6,9,11,11,11,11,11,11,11,11,11,11,11,11,11,11,11,11,11,11,11,11,11,11,11,11,11,11,11,11,11,11,11,11,11,11,11,0,0,0,0,0,0,0,0,0,0,0,0,0,0,0,0,0,0,0,0,0,0,0,0,0,0,0,0,0,0,0,0,0,0,0,0]} 1. e4 e6 2. d4 d5 3. Nc3 Nf6 4. Bg5 dxe4 5. Nxe4 Be7 6. Bxf6 gxf6 7. Bd3 f5 {C13: Französische Verteidigung (Klassisches System)} 8. Ng3 (8. Nc3 Bf6 9. Nge2 a6 10. O-O Nc6 11. d5 exd5 12. Ng3 f4 13. Nh5 Bxc3 14. bxc3 Qg5 15. Qf3 {½-½ (46) Lanka,Z (2510)-Luther,T (2569) Austria 2005}) 8... c5 9. dxc5 {LiveBook: 5 Partien} Bxc5 {Schwarz hat minimalen Vorteil.} 10. Qd2 $146 ({Vorgänger:} 10. Qe2 Be7 11. O-O-O Qa5 12. Kb1 Nc6 13. Nf3 Bd7 14. Rhe1 Nb4 15. a3 Nxd3 16. Rxd3 {1-0 (31) Sakellarakis,D (984)-Allen,R (1000) SEMI email 1999}) 10... Nc6 11. Nf3 Bd7 12. O-O {[#] Und Dc3 würde nun gewinnen.} Be7 ({Lieber} 12... Qb6 $15) 13. Nh5 $11 {Schwarz muss nun Tad1 beachten.} Qa5 14. Ng7+ Kd8 $1 15. c3 Rg8 16. Nh5 Ne5 17. Nxe5 Qxe5 18. Rad1 {Droht stark Lc4.} Kc7 19. Rfe1 $1 {[%cal Re1e5]} Qd6 20. Qc2 {Und weiter mit Lxf5 wäre nett.} Qc6 {[%csl Gg8][%cal Rc6g2]} 21. Bf1 Rad8 22. Nf4 Bd6 23. Nd3 {[#]} (23. Rd4 $11) 23... Kb8 (23... Qf3 $1 $17 {...Lc6 ist eine echte Drohung.} 24. Qe2 Bc6 25. Qxf3 Bxf3) 24. Ne5 Bxe5 $1 25. Rxe5 Bc8 26. Ree1 (26. Rxd8 {looks sharper.} Rxd8 27. Re3 f6 28. Rd3 Qc7 29. Qd2) 26... Rd5 27. Rxd5 Qxd5 28. b4 Rd8 {Die Stellung ist ausgeglichen.} 29. f4 f6 30. Qe2 b6 31. Qf2 Qd2 32. Qxd2 Rxd2 {[%mdl 4096] Endspiel KTL-KTL} 33. Bc4 Bb7 34. Re2 Rxe2 35. Bxe2 {KL-KL} Kc7 36. Kf2 e5 37. Bd3 Bc8 38. Ke3 Kd6 39. c4 h6 40. a3 Bd7 41. g3 Be6 42. Be2 Bd7 43. Bh5 Be6 44. Kd3 Bd7 45. Bf7 Bc6 46. Ke3 Bb7 47. Be8 Ba6 48. Kd3 Bb7 49. Kc3 Bc8 50. Bf7 Bb7 51. a4 Bc8 52. Bh5 Bd7 53. Bd1 Bc8 54. Bb3 Bb7 55. Bc2 Bc8 56. Bd3 Bd7 57. Bc2 a5 58. c5+ bxc5 59. bxa5 Be6 60. Bd3 Kc7 61. Bb5 Kb7 62. Bd3 e4 63. Bb5 Ka7 64. Be2 Kb7 65. Bb5 Ka7 66. Be2 Kb7 67. Bb5 Ka7 68. Be2 Kb7 {Precision: Weiß = 72%, Schwarz = 78%.} 1/2-1/2

[Event "2nd IMSA Basque 2017-Women"]
[Site "Huaian"]
[Date "2017.12.14"]
[Round "3"]
[White "Lagno, Kateryna"]
[Black "Muzychuk, Anna"]
[Result "1-0"]
[WhiteElo "2547"]
[BlackElo "2582"]
[Annotator "TA"]
[PlyCount "83"]
[EventDate "2017.??.??"]
[EventType "tourn"]
[EventCountry "CHN"]
[SourceTitle "playchess.com"]
[Source "ChessBase"]
[SourceQuality "1"]

{[%evp 11,83,3,23,-25,28,19,70,73,80,79,78,89,88,73,77,49,49,49,49,49,56,49,49,56,55,49,49,49,47,49,54,38,48,51,85,93,145,162,155,98,187,101,131,131,131,131,131,131,131,131,131,131,131,108,92,59,162,162,162,162,162,162,162,162,162,162,162,162,162,162,162,162,162,162]} 1. e4 c5 2. Nf3 e6 3. c3 d5 {[%cal Bd7d5,Bd5d4][%mdl 32]} 4. e5 d4 5. Na3 Ne7 6. Bd3 {B40: Sizilianisch (Klassisches System mit e7-e6)} Nbc6 {LiveBook: 6 Partien} 7. Be4 Nd5 $146 (7... Ng6 $142 $1) ({Vorgänger:} 7... Ng6 8. Bxc6+ bxc6 9. d3 dxc3 10. bxc3 c4 11. Nxc4 Ba6 12. Nb2 Qa5 13. O-O Nxe5 14. Nxe5 Qxe5 {1-0 (40) Savchenko,B (2599)-Kezin,R (2408) Moscow 2015}) 8. O-O $11 {Weiß hat minimalen Vorteil.} g5 ({Günstiger ist} 8... Be7 $11) 9. cxd4 $14 cxd4 10. Nb5 a6 11. Nbxd4 Nxd4 12. Nxd4 Bg7 13. Nf3 g4 14. Ne1 Bxe5 15. Qxg4 Nf6 $1 {[%cal Rf6g4]} 16. Qe2 Nxe4 17. Qxe4 Qd4 18. Qxd4 Bxd4 19. Nf3 Bg7 20. d4 Bd7 21. Ne5 Bb5 22. Re1 f6 23. a4 Bd7 (23... Bxa4 $142 24. Rxa4 fxe5) 24. Nxd7 $16 Kxd7 25. Bf4 (25. Ra3 $142) 25... Rac8 (25... Bf8 $16) 26. Rac1 (26. Ra3 $18) 26... Rxc1 27. Rxc1 Rc8 28. Rxc8 Kxc8 {[%mdl 4096] Endspiel KL-KL} 29. Kf1 Kd7 30. Ke2 Kc6 31. Kd3 Kd5 32. b3 f5 33. Be3 b5 (33... Bf6 $14) 34. axb5 $18 {Weiß steht deutlich besser.} axb5 35. f3 h5 36. h3 {[%cal Bh2h3,Bh3g4,Bg4g5][%mdl 32]} Bh8 37. g4 hxg4 38. fxg4 fxg4 39. hxg4 e5 40. dxe5 Bxe5 41. g5 Bb2 42. Bf4 {Precision: Weiß = 63%, Schwarz = 45%.} 1-0